[Event "FIDE Women's Grand Prix Sharjah"]
[Site "Sharjah UAE"]
[Date "2014.08.30"]
[EventDate "2014.08.25"]
[Round "5"]
[Result "1/2-1/2"]
[White "Nafisa Muminova"]
[Black "Anna Ushenina"]
[WhiteElo "2315"]
[BlackElo "2487"]
[PlyCount "104"]

1. e4 c5 2. Nf3 Nc6 3. Bb5 g6 4. O-O Bg7 5. c3 Nf6 6. Re1 O-O
7. d4 d5 8. e5 Ne4 9. Nbd2 cxd4 10. Nxe4 dxe4 11. Nxd4 Nxd4
12. Qxd4 Qxd4 13. cxd4 Rd8 14. Be3 Be6 15. Rec1 Rac8 16. b3 f6
17. Bc4 Bxc4 18. bxc4 e6 19. d5 fxe5 20. dxe6 Re8 21. Bxa7
Rxe6 22. Be3 Ra6 23. a4 Bf8 24. c5 Rc7 25. Kf1 Ra5 26. Ke2 Kf7
27. Rc4 Bxc5 28. Rxc5 Rcxc5 29. Bxc5 Rxc5 30. Rb1 Kf6 31. Rxb7
Rc2+ 32. Ke3 Rc3+ 33. Kxe4 Rc4+ 34. Ke3 Rxa4 35. Rxh7 Ra3+
36. Ke4 Ra4+ 37. Kf3 Ra3+ 38. Kg4 Ra2 39. Kg3 Ra3+ 40. f3 e4
41. Rh4 exf3 42. gxf3 Rb3 43. Ra4 Rb2 44. h3 Rb5 45. Rf4+ Kg7
46. Kg4 Ra5 47. Rb4 Rc5 48. Rb6 Ra5 49. f4 Ra3 50. Re6 Rb3
51. f5 gxf5+ 52. Kxf5 Rxh3 1/2-1/2

[Event "FIDE Women's Grand Prix Sharjah"]
[Site "Sharjah UAE"]
[Date "2014.08.31"]
[EventDate "2014.08.25"]
[Round "6"]
[Result "0-1"]
[White "Anna Ushenina"]
[Black "Yifan Hou"]
[WhiteElo "2487"]
[BlackElo "2661"]
[PlyCount "100"]

1. d4 Nf6 2. c4 e6 3. Nc3 Bb4 4. Qc2 d5 5. cxd5 exd5 6. Bg5 c5
7. dxc5 h6 8. Bh4 O-O 9. e3 Be6 10. Nf3 Nbd7 11. Be2 Rc8
12. a3 Bxc3+ 13. Qxc3 g5 14. Bg3 Nxc5 15. O-O Nfe4 16. Qc2 Bd7
17. a4 Qb6 18. Qd1 Qxb2 19. Be5 Qb3 20. Bb5 Qxd1 21. Rfxd1 Bc6
22. Bb2 Nb3 23. Rab1 Rfd8 24. Rd3 Nbc5 25. Ra3 a6 26. Bxc6
bxc6 27. Bd4 Rb8 28. Rd1 Nd7 29. h3 f6 30. Nh2 Kf7 31. Nf1 Nd6
32. Nd2 c5 33. Bc3 Ne5 34. Bxe5 fxe5 35. Rc1 c4 36. e4 Rb2
37. Nf3 Nxe4 38. Nxe5+ Ke6 39. Nc6 Rc8 40. Nd4+ Ke5 41. Nf3+
Kd6 42. Re3 Nxf2 43. Ne5 Ne4 44. Nxc4+ Rxc4 45. Rxc4 Rb1+
46. Kh2 dxc4 47. Rxe4 Kd5 48. Re8 c3 49. Rc8 Kd4 50. Rc6 Rb4
0-1

[Event "FIDE Women's Grand Prix Sharjah"]
[Site "Sharjah UAE"]
[Date "2014.09.01"]
[EventDate "2014.08.25"]
[Round "7"]
[Result "1/2-1/2"]
[White "Dronavalli Harika"]
[Black "Anna Ushenina"]
[WhiteElo "2521"]
[BlackElo "2487"]
[PlyCount "85"]

1. d4 d5 2. c4 c6 3. Nf3 Nf6 4. Nc3 e6 5. Bg5 h6 6. Bh4 Be7
7. e3 Nbd7 8. Qc2 O-O 9. Rd1 a6 10. a3 b6 11. Bd3 Bb7 12. O-O
Rc8 13. e4 Nh5 14. Bxe7 Qxe7 15. cxd5 cxd5 16. exd5 Nf4
17. Qd2 Nxd3 18. Qxd3 exd5 19. Rfe1 Qd6 20. Nh4 g6 21. Qe3 Kg7
22. Qe7 Qxe7 23. Rxe7 Rfd8 24. f4 Kf8 25. Ree1 Re8 26. Nf3
Rxe1+ 27. Rxe1 b5 28. Kf2 Rc7 29. Ne5 Nb6 30. g4 Nc4 31. Nxc4
Rxc4 32. Ke3 b4 33. axb4 Rxb4 34. Re2 a5 35. Rc2 a4 36. h4 Rb3
37. g5 hxg5 38. fxg5 Rb4 39. Rd2 Rb3 40. Rc2 Rb4 41. Rd2 Rb3
42. Rc2 Rb4 43. Rd2 1/2-1/2

[Event "FIDE Women's Grand Prix Sharjah"]
[Site "Sharjah UAE"]
[Date "2014.09.02"]
[EventDate "2014.08.25"]
[Round "8"]
[Result "1/2-1/2"]
[White "Anna Ushenina"]
[Black "Koneru Humpy"]
[WhiteElo "2487"]
[BlackElo "2598"]
[PlyCount "94"]

1. d4 d5 2. c4 e6 3. Nc3 Bb4 4. Nf3 Nf6 5. Qa4+ Nc6 6. e3 O-O
7. Bd2 dxc4 8. Bxc4 Bd6 9. O-O e5 10. d5 Ne7 11. e4 h6 12. h3
a6 13. Qc2 Ng6 14. Be2 Qe7 15. Rfe1 Bd7 16. Be3 c6 17. dxc6
Bxc6 18. a3 Rac8 19. Nd2 Nf4 20. Bf1 b5 21. Qb3 Bc5 22. Bxc5
Qxc5 23. Qb4 Qa7 24. Nf3 Rfe8 25. Rad1 a5 26. Qb3 b4 27. axb4
axb4 28. Qxb4 Rb8 29. Qa3 Qb7 30. Qa6 Qxa6 31. Bxa6 Rxb2
32. Bf1 Rc2 33. Nd5 N4xd5 34. exd5 Bxd5 35. Nxe5 Ra8 36. Rc1
Rxc1 37. Rxc1 g5 38. f3 Re8 39. Ng4 Kg7 40. Nxf6 Kxf6 41. Kf2
Ra8 42. Rc2 Ra3 43. Rd2 Ke5 44. Re2+ Kf6 45. Rd2 Ke5 46. Re2+
Kf6 47. Rd2 Ke5 1/2-1/2

[Event "FIDE Women's Grand Prix Sharjah"]
[Site "Sharjah UAE"]
[Date "2014.09.04"]
[EventDate "2014.08.25"]
[Round "9"]
[Result "0-1"]
[White "Tatiana Kosintseva"]
[Black "Anna Ushenina"]
[WhiteElo "2494"]
[BlackElo "2487"]
[PlyCount "116"]

1. e4 c5 2. Nf3 Nc6 3. Nc3 e5 4. Bc4 d6 5. d3 Be7 6. O-O Nf6
7. Ng5 O-O 8. f4 Bg4 9. Qe1 exf4 10. Bxf4 Nd4 11. Qd2 Qd7
12. Be3 Be6 13. Nxe6 fxe6 14. Bxd4 cxd4 15. Ne2 Kh8 16. Bb3 d5
17. e5 Ng4 18. Nxd4 Bc5 19. c3 Nxe5 20. Kh1 Bxd4 21. cxd4 Ng6
22. Rae1 Rxf1+ 23. Rxf1 Rf8 24. Rxf8+ Nxf8 25. Bd1 Kg8 26. a3
Qf7 27. Kg1 Qf6 28. Qe3 Nd7 29. b4 b5 30. g3 Kf7 31. Kg2 Ke7
32. Bf3 Kd6 33. Bg4 g6 34. Qf2 Qxf2+ 35. Kxf2 Nb8 36. Ke3 Nc6
37. Bd1 Ke7 38. h4 Kf6 39. g4 h6 40. Bf3 Nd8 41. Bd1 g5 42. h5
Nc6 43. Bf3 Ke7 44. Bd1 Kd6 45. Bf3 Kc7 46. Bd1 Kb6 47. Bc2 a5
48. bxa5+ Kxa5 49. Bd1 b4 50. a4 Na7 51. Bb3 Nc8 52. Kd2 Nb6
53. Kc2 Nxa4 54. Bxa4 Kxa4 55. Kb2 b3 56. Kb1 Kb5 57. Kc1 Ka5
58. Kb1 Ka4 0-1

[Event "FIDE Women's Grand Prix Sharjah"]
[Site "Sharjah UAE"]
[Date "2014.09.05"]
[EventDate "2014.08.25"]
[Round "10"]
[Result "1/2-1/2"]
[White "Zhao Xue"]
[Black "Anna Ushenina"]
[WhiteElo "2508"]
[BlackElo "2487"]
[PlyCount "35"]

1. d4 d5 2. c4 dxc4 3. Nc3 e5 4. e3 exd4 5. exd4 Nf6 6. Bxc4
Bd6 7. Nf3 O-O 8. O-O Nc6 9. Bg5 h6 10. Bh4 Bg4 11. Qd3 Bxf3
12. Qxf3 Nxd4 13. Qxb7 Rb8 14. Qxa7 Ra8 15. Qb7 Rb8 16. Qa7
Ra8 17. Qb7 Rb8 18. Qa7 1/2-1/2

[Event "FIDE Women's Grand Prix Sharjah"]
[Site "Sharjah UAE"]
[Date "2014.09.06"]
[EventDate "2014.08.25"]
[Round "11"]
[Result "1/2-1/2"]
[White "Anna Ushenina"]
[Black "Zhu Chen"]
[WhiteElo "2487"]
[BlackElo "2461"]
[PlyCount "87"]

1. d4 Nf6 2. c4 e6 3. Nf3 b6 4. a3 Ba6 5. e3 d5 6. Nbd2 Be7
7. Be2 O-O 8. b4 dxc4 9. Nxc4 c5 10. bxc5 bxc5 11. Bb2 Nbd7
12. O-O Rb8 13. Rb1 Qc7 14. dxc5 Bxc5 15. Qa4 Bb5 16. Qc2 Rfc8
17. Rfc1 Bf8 18. Qd1 Qd8 19. Bf1 Bc6 20. Bd4 Rxb1 21. Rxb1 Bd5
22. Nfd2 Bc5 23. Bc3 Nb6 24. Ba5 Bxc4 25. Bxb6 axb6 26. Nxc4
Qxd1 27. Rxd1 b5 28. Ne5 Bxa3 29. Bxb5 g6 30. Bd3 Kg7 31. g3
Rc7 32. Kg2 h5 33. h4 Be7 34. Rd2 Bb4 35. Rc2 Rxc2 36. Bxc2
Bd6 37. Nc4 Bc7 38. Nd2 Ba5 39. Ne4 Nxe4 40. Bxe4 Bc7 41. Bc6
Bd6 42. Be4 Bc7 43. Bc6 Bd6 44. Be4 1/2-1/2

[Event "Women's World Team Championship"]
[Site "Chengdu CHN"]
[Date "2015.04.25"]
[EventDate "2015.04.19"]
[Round "?"]
[Result "1/2-1/2"]
[White "Lilit Mkrtchian"]
[Black "Anna Ushenina"]
[WhiteElo "2442"]
[BlackElo "2486"]
[PlyCount "60"]

1.c4 Nf6 2.Nf3 e6 3.g3 d5 4.Bg2 Be7 5.d4 O-O 6.Qc2 c5 7.O-O
cxd4 8.Nxd4 Qb6 9.Rd1 Nc6 10.Nxc6 Qxc6 11.b3 b5 12.Na3 bxc4
13.bxc4 Bb7 14.Rb1 Qa6 15.Qb3 Bc6 16.cxd5 Bxd5 17.Bxd5 Nxd5
18.Nb5 Qb7 19.Qf3 Qc6 20.Bd2 Rfc8 21.Rdc1 Qd7 22.Qd3 Bc5 23.a4
h6 24.Nc3 Nf6 25.Qxd7 Nxd7 26.Ne4 Ba3 27.Rxc8+ Rxc8 28.Rb7 Nc5
29.Nxc5 Bxc5 30.Be3 a6 1/2-1/2

[Event "European Club Cup (Women)"]
[Site "Skopje MKD"]
[Date "2015.10.18"]
[EventDate "2015.10.18"]
[Round "1.4"]
[Result "1/2-1/2"]
[White "Marsel Efroimski"]
[Black "Anna Ushenina"]
[WhiteElo "2255"]
[BlackElo "2426"]
[PlyCount "57"]

1. e4 c5 2. Nf3 d6 3. d4 cxd4 4. Nxd4 Nf6 5. Nc3 a6 6. Be2 e5
7. Nb3 Be7 8. Bg5 Be6 9. Bxf6 Bxf6 10. Qd3 Be7 11. O-O-O Nd7
12. Nd5 Bxd5 13. Qxd5 Qc7 14. Kb1 O-O 15. Nd2 Nf6 16. Qd3 Rfd8
17. Bf3 Rac8 18. Rhe1 Qb6 19. Re2 Rc5 20. Nc4 Qb4 21. Ne3 g6
22. h4 h5 23. g3 Qa4 24. Bg2 Ra5 25. Qb3 Qc6 26. Qc4 Rb5
27. f4 exf4 28. gxf4 Ng4 29. Rh1 1/2-1/2

[Event "European Club Cup (Women)"]
[Site "Skopje MKD"]
[Date "2015.10.19"]
[EventDate "2015.10.18"]
[Round "2.3"]
[Result "1/2-1/2"]
[White "Anna Ushenina"]
[Black "Anne Haast"]
[WhiteElo "2426"]
[BlackElo "2384"]
[PlyCount "124"]

1. d4 Nf6 2. c4 g6 3. Nc3 Bg7 4. e4 d6 5. Nf3 O-O 6. h3 e5
7. d5 Nh5 8. Be3 Qe8 9. c5 a6 10. Nd2 f5 11. cxd6 Nd7 12. Bg5
cxd6 13. Nc4 Nc5 14. Nxd6 Qd7 15. Nxc8 Raxc8 16. Be2 b5 17. d6
Nf6 18. exf5 gxf5 19. O-O Kh8 20. a4 b4 21. Nd5 Nxd5 22. Qxd5
Rc6 23. Be7 Rfc8 24. Rfc1 e4 25. Rc2 b3 26. Rd2 e3 27. fxe3
Ne4 28. Rdd1 Rc2 29. Bxa6 Qa7 30. Qd3 Nf2 31. Bxc8 Nxd3
32. Rxd3 Qa8 33. e4 Qxe4 34. Rg3 Bd4+ 35. Kh1 Re2 36. Rf1 Re1
37. Rf3 Rxf1+ 38. Rxf1 Bxb2 39. Bxf5 Qe2 40. Rb1 Kg7 41. Bg4
Qe4 42. Rf1 Bc3 43. Bf8+ Kg6 44. d7 Ba5 45. Bf5+ Qxf5 46. Rxf5
Kxf5 47. Bg7 Ke6 48. Kg1 Kxd7 49. Kf2 Kc6 50. Ke3 Kc5 51. Kd3
Kb4 52. Bb2 Kxa4 53. Kc4 Bb4 54. g4 Ba3 55. Kc3 Bxb2+ 56. Kxb2
Kb4 57. h4 Kc4 58. g5 Kd5 59. h5 Ke6 60. Kxb3 Kf5 61. g6 hxg6
62. hxg6 Kxg6 1/2-1/2

[Event "European Club Cup (Women)"]
[Site "Skopje MKD"]
[Date "2015.10.22"]
[EventDate "2015.10.18"]
[Round "5.3"]
[Result "1-0"]
[White "Anna Ushenina"]
[Black "Anastasia Bodnaruk"]
[WhiteElo "2426"]
[BlackElo "2459"]
[PlyCount "109"]

1. e4 e6 2. d4 d5 3. Nd2 Nf6 4. e5 Nfd7 5. Bd3 c5 6. c3 Nc6
7. Ne2 a6 8. O-O b5 9. Nf3 Be7 10. Nf4 O-O 11. g3 Re8 12. h4
Nf8 13. Nh5 g6 14. Nf4 f6 15. Re1 Bb7 16. a3 Qb6 17. Bf1 fxe5
18. dxe5 d4 19. cxd4 Nxd4 20. Nxd4 Red8 21. Qg4 Rxd4 22. Be3
Re4 23. h5 g5 24. Bg2 Rxe5 25. h6 Bxg2 26. Nxg2 Ng6 27. b4 Rf5
28. f4 Rd8 29. Bf2 Rd2 30. Ne3 Rf8 31. f5 Ne5 32. Qe4 Bf6
33. Rad1 Rxf2 34. Kxf2 cxb4 35. axb4 exf5 36. Qd5+ Kh8 37. Qc5
Qxc5 38. bxc5 f4 39. Nf5 Kg8 40. Rd6 Kf7 41. c6 b4 42. c7 Rc8
43. Rc6 Ng4+ 44. Kf3 Ne5+ 45. Kg2 f3+ 46. Kf1 Nxc6 47. Nd6+
Kg6 48. Nxc8 b3 49. Ne7+ Nxe7 50. Rxe7 Bxe7 51. c8=Q Bf6
52. Qg8+ Kxh6 53. Qxb3 g4 54. Qc4 Kg5 55. Qf4+ 1-0

[Event "European Club Cup (Women)"]
[Site "Skopje MKD"]
[Date "2015.10.24"]
[EventDate "2015.10.18"]
[Round "7.2"]
[Result "1/2-1/2"]
[White "Aleksandra Goryachkina"]
[Black "Anna Ushenina"]
[WhiteElo "2480"]
[BlackElo "2426"]
[PlyCount "58"]

1. d4 Nf6 2. c4 e6 3. Nf3 d5 4. g3 dxc4 5. Bg2 c5 6. O-O Nc6
7. dxc5 Qxd1 8. Rxd1 Bxc5 9. Nbd2 c3 10. bxc3 O-O 11. Nb3 Be7
12. c4 Bd7 13. Bb2 Rfd8 14. Nfd4 Rac8 15. c5 Nxd4 16. Bxd4 Bc6
17. Rab1 Bxg2 18. Kxg2 h6 19. e3 Rd5 20. Bxf6 Rxd1 21. Rxd1
Bxf6 22. Rd7 b6 23. cxb6 axb6 24. Rb7 Ra8 25. Rxb6 Rxa2
26. Rb8+ Kh7 27. Rb7 Kg8 28. Rb8+ Kh7 29. Rb7 Kg8 1/2-1/2

[Event "European Team Championship (Women)"]
[Site "Reykjavik ISL"]
[Date "2015.11.13"]
[EventDate "2015.11.13"]
[Round "1.3"]
[Result "0-1"]
[White "Sabrina L Chevannes"]
[Black "Anna Ushenina"]
[WhiteElo "2106"]
[BlackElo "2438"]
[PlyCount "66"]

1. d4 Nf6 2. Bg5 e6 3. e4 h6 4. Bxf6 Qxf6 5. Nf3 d6 6. Nc3 Nd7
7. Bd3 g6 8. O-O Bg7 9. Re1 e5 10. Nd5 Qd8 11. c3 O-O 12. Ne3
exd4 13. Nxd4 Re8 14. Bc2 Nc5 15. f3 c6 16. Qd2 Qc7 17. Rad1
Rd8 18. Qf2 Ne6 19. Bb3 Nxd4 20. cxd4 a5 21. Qc2 Qb6 22. Qc4
Be6 23. d5 cxd5 24. exd5 Bd7 25. Kh1 Re8 26. Qd3 a4 27. Bc4
Qxb2 28. Rb1 Qc3 29. Nc2 Bf5 30. Qxc3 Bxc3 31. Rxe8+ Rxe8
32. g3 Bxc2 33. Rc1 Re1+ 0-1

[Event "European Team Championship (Women)"]
[Site "Reykjavik ISL"]
[Date "2015.11.14"]
[EventDate "2015.11.13"]
[Round "2.4"]
[Result "0-1"]
[White "Joanna Majdan-Gajewska"]
[Black "Anna Ushenina"]
[WhiteElo "2378"]
[BlackElo "2438"]
[PlyCount "62"]

1. e4 c5 2. Nf3 e6 3. d4 cxd4 4. Nxd4 Nf6 5. Nc3 Nc6 6. Nxc6
bxc6 7. e5 Nd5 8. Ne4 Qc7 9. f4 Qb6 10. c4 Bb4+ 11. Ke2 f5
12. exf6 Nxf6 13. Be3 Qd8 14. Nd6+ Bxd6 15. Qxd6 Bb7 16. Rd1
Rc8 17. Qc5 d5 18. g3 Ne4 19. Qxa7 O-O 20. Qxb7 Rb8 21. Qa7
Rxb2+ 22. Ke1 e5 23. Bd3 exf4 24. Bd4 Rf7 25. Qxf7+ Kxf7
26. Bxb2 Qb6 27. Rf1 Qb4+ 28. Ke2 Qxb2+ 29. Ke1 Qb4+ 30. Ke2
Nc3+ 31. Kd2 Nxa2+ 0-1

[Event "European Team Championship (Women)"]
[Site "Reykjavik ISL"]
[Date "2015.11.16"]
[EventDate "2015.11.13"]
[Round "4.4"]
[Result "1-0"]
[White "Anna Ushenina"]
[Black "Daniela Movileanu"]
[WhiteElo "2438"]
[BlackElo "2192"]
[PlyCount "59"]

1. d4 Nf6 2. c4 g6 3. Nc3 d5 4. cxd5 Nxd5 5. e4 Nxc3 6. bxc3
Bg7 7. Qa4+ Nd7 8. Nf3 O-O 9. Be2 c5 10. O-O Qc7 11. Bg5 Nf6
12. Bd3 Bd7 13. Qa3 c4 14. Bc2 Rfe8 15. Qc1 b5 16. a4 a6
17. Re1 e6 18. Ne5 Bc6 19. Bxf6 Bxf6 20. Nxc6 Qxc6 21. e5 Be7
22. Be4 Qd7 23. Bxa8 Rxa8 24. axb5 Qxb5 25. Qc2 a5 26. Reb1
Qd5 27. Qa4 Kg7 28. Rb5 Qe4 29. Qxc4 h5 30. Qc7 1-0

[Event "European Team Championship (Women)"]
[Site "Reykjavik ISL"]
[Date "2015.11.17"]
[EventDate "2015.11.13"]
[Round "5.2"]
[Result "1-0"]
[White "Anna Ushenina"]
[Black "Mihaela Sandu"]
[WhiteElo "2438"]
[BlackElo "2207"]
[PlyCount "97"]

1. d4 Nf6 2. c4 g6 3. g3 Bg7 4. Bg2 O-O 5. Nc3 d6 6. Nf3 Nc6
7. O-O a6 8. Bf4 Rb8 9. Rc1 h6 10. h3 g5 11. Bd2 e5 12. d5 Nd4
13. Ne1 b5 14. e3 Nf5 15. cxb5 axb5 16. Nd3 b4 17. Ne2 g4
18. h4 Ne7 19. Nxb4 Nd7 20. e4 Nc5 21. a3 f5 22. exf5 Bd7
23. f6 Rxf6 24. Nc3 Nf5 25. Be3 Nxe3 26. fxe3 Rxf1+ 27. Qxf1
e4 28. Qc4 Qe8 29. Rf1 Be5 30. Nc6 Rxb2 31. Nxe4 Bg7 32. Rf4
Kh8 33. Kh1 Rb1+ 34. Kh2 Re1 35. a4 Rxe3 36. Nxc5 dxc5
37. Qxc5 Re1 38. a5 Bc8 39. Rf2 Re3 40. Qa7 Bd7 41. Qxc7 h5
42. a6 Ra3 43. a7 Bxc6 44. Qxc6 Qd8 45. Qg6 Rxa7 46. Qxh5+ Kg8
47. Qxg4 Rd7 48. Qe6+ Kh8 49. Rf5 1-0

[Event "European Team Championship (Women)"]
[Site "Reykjavik ISL"]
[Date "2015.11.19"]
[EventDate "2015.11.13"]
[Round "6.1"]
[Result "1-0"]
[White "Aleksandra Goryachkina"]
[Black "Anna Ushenina"]
[WhiteElo "2478"]
[BlackElo "2438"]
[PlyCount "69"]

1. d4 d5 2. c4 c6 3. e3 Nf6 4. Nc3 Bf5 5. Nf3 a6 6. Bd3 Bxd3
7. Qxd3 e6 8. O-O Bb4 9. Bd2 O-O 10. Rfd1 Ba5 11. a4 Nbd7
12. b4 Bc7 13. e4 dxe4 14. Nxe4 Nxe4 15. Qxe4 h6 16. a5 Nf6
17. Qe2 Qd6 18. g3 Rfd8 19. Bc3 Qe7 20. Ne5 Nd7 21. Nd3 Qg5
22. Qe4 Nf6 23. Qg2 Rab8 24. Re1 Qf5 25. Rad1 Ne8 26. Nc5 Qh5
27. b5 axb5 28. cxb5 cxb5 29. Nxb7 Rd5 30. a6 Nd6 31. Ba5 Bxa5
32. Nxa5 Qg4 33. Nc6 Re8 34. a7 Kf8 35. Nb8 1-0

[Event "European Team Championship (Women)"]
[Site "Reykjavik ISL"]
[Date "2015.11.21"]
[EventDate "2015.11.13"]
[Round "8.3"]
[Result "1-0"]
[White "Anna Ushenina"]
[Black "Sophie Milliet"]
[WhiteElo "2438"]
[BlackElo "2356"]
[PlyCount "85"]

1. d4 Nf6 2. c4 e6 3. Nf3 d5 4. Nc3 Bb4 5. Bg5 h6 6. Bxf6 Qxf6
7. Qa4+ Nc6 8. e3 O-O 9. Be2 dxc4 10. O-O Bxc3 11. bxc3 Bd7
12. Qxc4 Rfd8 13. Nd2 Rac8 14. Nb3 Qe7 15. a4 a5 16. Bf3 Qe8
17. Nc5 Rb8 18. Rab1 b5 19. axb5 Na7 20. Nxd7 Qxd7 21. Be2 Nc8
22. Qa2 Ra8 23. Bf3 Ra7 24. c4 e5 25. Rfd1 Qe7 26. c5 e4
27. Bg4 Ra8 28. h3 Qg5 29. Bxc8 Rdxc8 30. b6 cxb6 31. Rxb6 Ra7
32. Rdb1 Kh7 33. Rb7 Rxb7 34. Rxb7 Rc6 35. Rxf7 Rg6 36. g3 Qd8
37. Qc2 Qd5 38. Re7 Qc6 39. Rxe4 a4 40. d5 Qxd5 41. Rxa4 Kh8
42. Rd4 Qg5 43. Rg4 1-0

[Event "European Team Championship (Women)"]
[Site "Reykjavik ISL"]
[Date "2015.11.22"]
[EventDate "2015.11.13"]
[Round "9.3"]
[Result "1-0"]
[White "Anna Ushenina"]
[Black "Tea Bosboom-Lanchava"]
[WhiteElo "2438"]
[BlackElo "2274"]
[PlyCount "81"]

1. d4 f5 2. g3 Nf6 3. Bg2 g6 4. Nf3 Bg7 5. O-O O-O 6. c4 d6
7. Nc3 c6 8. Re1 Qc7 9. d5 e5 10. dxe6 Bxe6 11. Bf4 Ne8 12. c5
Be5 13. cxd6 Bxd6 14. Bh6 Rf6 15. e4 Nd7 16. Bg5 Rf7 17. exf5
Bxf5 18. Nd4 Ne5 19. Nxf5 gxf5 20. Qc2 Ng7 21. Rad1 Ng6
22. Qb3 Rf8 23. Bh6 b5 24. Rd2 Kh8 25. Red1 Be5 26. f4 Bf6
27. Rd6 Ne7 28. Rd7 Qb6+ 29. Kh1 a5 30. a3 Qc5 31. R7d2 Nc8
32. Ne2 Nb6 33. Nd4 Nc4 34. Rd3 Bxd4 35. Rxd4 Re8 36. Qc3 Kg8
37. b3 Qxa3 38. Bxc6 Re3 39. Rd8+ Ne8 40. Rxe8+ Rxe8 41. Bxe8
1-0

[Event "IMSA Elite Mind Games (Women's Rapid)"]
[Site "Huai'an CHN"]
[Date "2016.02.26"]
[EventDate "2016.02.26"]
[Round "1.3"]
[Result "1-0"]
[White "Nana Dzagnidze"]
[Black "Anna Ushenina"]
[WhiteElo "2529"]
[BlackElo "2450"]
[PlyCount "95"]

1. d4 d5 2. c4 c6 3. cxd5 cxd5 4. Nc3 Nf6 5. Bf4 Nc6 6. Nf3 a6
7. Ne5 Qb6 8. Nxc6 bxc6 9. Qd2 Nh5 10. Be3 Nf6 11. g3 Bf5
12. Bg2 e6 13. O-O Be7 14. Rac1 Nd7 15. Bf4 O-O 16. e4 Bg6
17. Rfe1 Bb4 18. a3 Bxc3 19. Qxc3 Bxe4 20. Bxe4 dxe4 21. Qxc6
Qxc6 22. Rxc6 Nf6 23. Be5 Rfd8 24. Bxf6 gxf6 25. Rxe4 a5
26. Rf4 Kg7 27. Rc5 Rab8 28. Rxa5 Rxb2 29. Rg4+ Kf8 30. Rh5
Ra8 31. Rxh7 Rxa3 32. Rf4 Ke7 33. Rh6 f5 34. g4 fxg4 35. Rh7
Rd3 36. Rhxf7+ Ke8 37. Rg7 Rf3 38. Rxf3 gxf3 39. h3 Rd2
40. Rg4 Ke7 41. Rf4 Ke8 42. h4 Ke7 43. h5 Rd1+ 44. Kh2 Rf1
45. Rxf3 Rd1 46. h6 Rxd4 47. Kg3 Rd8 48. Kg4 1-0

[Event "IMSA Elite Mind Games (Women's Rapid)"]
[Site "Huai'an CHN"]
[Date "2016.02.26"]
[EventDate "2016.02.26"]
[Round "2.7"]
[Result "0-1"]
[White "Anna Ushenina"]
[Black "Zhao Xue"]
[WhiteElo "2450"]
[BlackElo "2506"]
[PlyCount "68"]

1. d4 Nf6 2. c4 Nc6 3. a3 e5 4. d5 Ne7 5. Nc3 Ng6 6. h4 h5
7. e4 Bc5 8. Bg5 a5 9. Na4 Ba7 10. c5 d6 11. Rc1 Bd7 12. Qb3
Kf8 13. cxd6 cxd6 14. Bb5 Rc8 15. Ne2 Rxc1+ 16. Nxc1 Qc7
17. Bxd7 Nxe4 18. Be3 Qxd7 19. Bxa7 b5 20. Nc3 Nxc3 21. bxc3
Qxa7 22. Qxb5 Ke7 23. g3 Rb8 24. Qa4 Qc5 25. c4 Rc8 26. O-O
Qxc4 27. Qxa5 Nxh4 28. Qa7+ Kf6 29. Qe3 Nf5 30. Qf3 g6 31. Rd1
Rb8 32. Nd3 e4 33. Qf4 Qc2 34. Qc1 exd3 0-1

[Event "IMSA Elite Mind Games (Women's Rapid)"]
[Site "Huai'an CHN"]
[Date "2016.02.26"]
[EventDate "2016.02.26"]
[Round "3.7"]
[Result "0-1"]
[White "Dronavalli Harika"]
[Black "Anna Ushenina"]
[WhiteElo "2511"]
[BlackElo "2450"]
[PlyCount "166"]

1. d4 d5 2. Bg5 h6 3. Bh4 c6 4. Nf3 Qb6 5. b3 Bf5 6. e3 e6
7. Bd3 Bxd3 8. Qxd3 Nd7 9. O-O Ngf6 10. c4 a5 11. Nc3 Bb4
12. c5 Qa6 13. Qxa6 Rxa6 14. Na4 Ba3 15. Ne1 b5 16. cxb6 Nxb6
17. Nd3 Nfd7 18. Bg3 O-O 19. Nxb6 Nxb6 20. Nc5 Bxc5 21. dxc5
Nd7 22. Bd6 Rfa8 23. f3 R6a7 24. Rab1 e5 25. a3 f6 26. b4 axb4
27. axb4 Rb7 28. b5 Rxb5 29. Rxb5 cxb5 30. c6 Nb6 31. Rd1 Rc8
32. c7 Kf7 33. Bc5 Nc4 34. Rxd5 Rxc7 35. e4 Ke6 36. Bb4 Rb7
37. Kf2 Nb2 38. Ke2 Nc4 39. h4 h5 40. Rc5 Kf7 41. Rd5 Kg6
42. Rc5 Kh6 43. g4 hxg4 44. fxg4 Kg6 45. Rd5 Rb8 46. Rc5 Nd6
47. Kf3 Ne8 48. h5+ Kf7 49. Rc6 Rb7 50. g5 fxg5 51. Kg4 Nf6+
52. Kxg5 Nxe4+ 53. Kf5 Ng3+ 54. Kxe5 Nxh5 55. Rc3 Nf6 56. Rf3
Rd7 57. Rb3 Rd5+ 58. Kf4 g5+ 59. Kf3 Kg6 60. Be1 Kf5 61. Ke2
g4 62. Ra3 Nh5 63. Ra8 Nf4+ 64. Ke3 Re5+ 65. Kd2 Ke4 66. Bg3
Rd5+ 67. Kc2 Ne2 68. Be1 g3 69. Re8+ Kf3 70. Rxe2 Kxe2
71. Bxg3 Rc5+ 72. Kb3 Rc4 73. Be5 Kd3 74. Bf6 Ke4 75. Bg7 Kd5
76. Bf6 Rf4 77. Be7 Re4 78. Bf8 Kc6 79. Bg7 Kb6 80. Bf6 b4
81. Ka4 Kc5 82. Bg7 Kc4 83. Bf8 Re2 0-1

[Event "IMSA Elite Mind Games (Women's Rapid)"]
[Site "Huai'an CHN"]
[Date "2016.02.26"]
[EventDate "2016.02.26"]
[Round "4.6"]
[Result "1-0"]
[White "Anna Ushenina"]
[Black "Huang Qian"]
[WhiteElo "2450"]
[BlackElo "2450"]
[PlyCount "157"]

1. d4 d5 2. Nf3 c6 3. c4 Nf6 4. e3 g6 5. h3 Bg7 6. Bd3 O-O
7. O-O a6 8. Nc3 Nbd7 9. cxd5 cxd5 10. Qb3 e6 11. Bd2 Qb6
12. Qa3 Re8 13. Na4 Qa7 14. Rfc1 b6 15. Qb3 Bb7 16. Bb4 Rec8
17. Nc3 Rc6 18. Qd1 Rac8 19. Rc2 Qb8 20. Rac1 Ne8 21. Qe2 Qa8
22. Na4 Rxc2 23. Rxc2 Rxc2 24. Qxc2 Qb8 25. Be2 f6 26. Nc3 Nd6
27. Qa4 b5 28. Qc2 Bf8 29. a4 bxa4 30. Nxa4 Qc8 31. Qxc8 Bxc8
32. Ne1 Kf7 33. Nd3 Nc4 34. Bxf8 Kxf8 35. Kf1 Ke7 36. Ke1 Kd6
37. b3 Ncb6 38. Nc3 Bb7 39. Kd2 e5 40. Nb4 Nb8 41. Nd3 N8d7
42. Kc2 Bc8 43. Kb2 exd4 44. exd4 Nb8 45. Nb4 Nc6 46. Nxc6
Kxc6 47. Ka3 a5 48. Bb5+ Kd6 49. Na4 Kc7 50. Nc5 Bf5 51. Kb2
h5 52. Kc3 Nc8 53. f3 h4 54. Kd2 Nd6 55. Ba4 g5 56. Ke3 Bb1
57. Ne6+ Kc8 58. f4 Ne4 59. fxg5 fxg5 60. Bc6 Bc2 61. Bxd5 Nf6
62. Bc4 g4 63. hxg4 Nxg4+ 64. Kf4 Nf2 65. Kf3 h3 66. gxh3 Nxh3
67. d5 Ng1+ 68. Kg2 a4 69. bxa4 Bxa4 70. Kxg1 Bc2 71. Nc5 Kc7
72. Kf2 Kd6 73. Nb7+ Kc7 74. Na5 Be4 75. Ke3 Bg2 76. Kd4 Kd6
77. Nb7+ Kc7 78. d6+ Kc6 79. Ke5 1-0

[Event "IMSA Elite Mind Games (Women's Rapid)"]
[Site "Huai'an CHN"]
[Date "2016.02.27"]
[EventDate "2016.02.26"]
[Round "5.5"]
[Result "1/2-1/2"]
[White "Valentina Gunina"]
[Black "Anna Ushenina"]
[WhiteElo "2496"]
[BlackElo "2450"]
[PlyCount "162"]

1. d4 d5 2. c4 c6 3. Nf3 Nf6 4. e3 a6 5. Be2 Bf5 6. Qb3 Ra7
7. O-O h6 8. Nc3 e6 9. Ne5 Nbd7 10. f4 Be7 11. Bd2 Ne4
12. Nxe4 Bxe4 13. cxd5 exd5 14. f5 O-O 15. a4 Bd6 16. Nxd7
Qxd7 17. f6 g6 18. Bf3 Re8 19. Bb4 Bxb4 20. Qxb4 Raa8 21. Rae1
h5 22. Bd1 a5 23. Qd2 Qd6 24. Rf4 Qf8 25. Ref1 Qh6 26. h4 Re6
27. Kh2 Rae8 28. R1f2 Bf5 29. Qxa5 Rxe3 30. Qc7 Re1 31. Bb3
R1e4 32. a5 Rc8 33. Qd6 Qf8 34. Qxf8+ Kxf8 35. Rxe4 Bxe4
36. Bd1 c5 37. dxc5 Rxc5 38. b4 Rc1 39. Bf3 Bxf3 40. Rxf3 Rb1
41. Rc3 Ke8 42. Re3+ Kf8 43. Rc3 Ke8 44. Rc8+ Kd7 45. Rb8 Kc6
46. Rf8 Rxb4 47. Rxf7 Rf4 48. Rf8 Kd7 49. Kg3 Rf5 50. f7 Ke7
51. Rb8 Kxf7 52. Rxb7+ Ke6 53. a6 d4 54. Rb6+ Kf7 55. Rd6 Ra5
56. Kf4 d3 57. Ke3 Ra3 58. Kd2 Kg7 59. Kc1 Kh6 60. Kb2 Ra5
61. Kc3 Ra1 62. g3 Ra3+ 63. Kb4 Ra2 64. Kb3 Ra1 65. Kc3 Ra3+
66. Kd2 Kg7 67. Rd7+ Kf6 68. a7 Ke6 69. Rc7 Kf6 70. Ke3 Kf5
71. Rd7 Ke6 72. Rb7 Kf5 73. Kd2 Kf6 74. Kc1 Ra4 75. Kb2 d2
76. Kc2 Ra2+ 77. Kd1 Kf5 78. Rb5+ Kf6 79. Rb7 Kf5 80. Rb5+ Kf6
81. Rb7 Ke5 1/2-1/2